00301nam a2200121Ia 4500008004100000041000800041082001600049100001600065245004600081260002000127365001600147700001600163230718s9999 xx 000 0 und d aeng a302.23bLES aLester P.M. aVisual Communication Images With Messages c1999bWadsworth cRs.b590.40 aLester P.M.